The Literature of the United States (Record no. 5573)
[ view plain ]
| 000 -LEADER | |
|---|---|
| fixed length control field | 01462cam a22002054a 4500 |
| 005 - ΗΜΕΡΟΜΗΝΙΑ ΚΑΙ ΩΡΑ ΤΕΛΕΥΤΑΙΑΣ ΕΝΗΜΕΡΩΣΗΣ | |
| Πεδίο ελέγχου | 20250605164216.0 |
| 008 - FIXED-LENGTH DATA ELEMENTS--GENERAL INFORMATION | |
| Πεδίο ελέγχου σταθερού μήκους | 250528s ||||||||||||||||||||||||d |
| 035 ## - SYSTEM CONTROL NUMBER | |
| System control number | 20469 |
| 040 ## - ΠΗΓΗ ΚΑΤΑΛΟΓΟΓΡΑΦΗΣΗΣ | |
| Φορέας πρωτότυπης καταλογογράφησης | MC Athens Campus Library |
| Γλώσσα καταλογογράφησης | Ελληνικά, Μοντέρνα (1453-) |
| Modifying agency | MC Athens Campus Library |
| Κανόνες περιγραφικής καταλογογράφησης | AACR2 |
| 245 1# - ΤΙΤΛΟΣ ΚΑΙ ΔΗΛΩΣΗ ΥΠΕΥΘΥΝΟΤΗΤΑΣ | |
| Τίτλος | The Literature of the United States |
| 250 ## - EDITION STATEMENT | |
| Edition statement | 3rd |
| 260 ## - PUBLICATION, DISTRIBUTION, ETC. | |
| Name of publisher, distributor, etc. | Penguin Books, |
| Date of publication, distribution, etc. | 1970 |
| 300 ## - PHYSICAL DESCRIPTION | |
| Extent | 416 |
| 505 0# - FORMATTED CONTENTS NOTE | |
| Formatted contents note | Acknowledgements, Introduction, Colonial America, America and Europe - The Problems of Indepedence, Independence - The First Fruits, New England's Day, Melville and Whitman, More New Englanders, American Humour and the Rise of the West, Minor Key, Realism in American Prose, The Expatriates, The New Poetry, Fiction since World War I, The American Theatre, Poetry and Criticism since World War I, America and the Writer since 1945, Notes on Further Reading, Some Dates in American History, Index. |
| 520 ## - SUMMARY, ETC. | |
| Summary, etc. | Acknowledgements, Introduction, Colonial America, America and Europe - The Problems of Indepedence, Independence - The First Fruits, New England's Day, Melville and Whitman, More New Englanders, American Humour and the Rise of the West, Minor Key, Realism in American Prose, The Expatriates, The New Poetry, Fiction since World War I, The American Theatre, Poetry and Criticism since World War I, America and the Writer since 1945, Notes on Further Reading, Some Dates in American History, Index. |
| 700 1# - ΠΡΟΣΘΕΤΗ ΑΝΑΓΡΑΦΗ--ΦΥΣΙΚΟ ΠΡΟΣΩΠΟ | |
| Personal name | Cunliffe Marcus |
| 9 (RLIN) | 6452 |
| 942 ## - ADDED ENTRY ELEMENTS (KOHA) | |
| Koha item type | Books |
| Τύπος τεκμηρίου | Βιβλιοθήκη | Τρέχουσα τοποθεσία | Barcode | Αριθμός εισαγωγής | Ημερομηνία απόκτησης | Ταξιθετικό σύμβολο | Αριθμός αντιτύπου | Κατάσταση απόσυρσης | Κατάσταση χαμένου | Κατάσταση κατεστραμμένου | Μη δανεισμός | Σύνολο δανεισμών | Ημερομηνία τελευταίας εμφάνισης | Η τιμή ισχύει από |
|---|---|---|---|---|---|---|---|---|---|---|---|---|---|---|
| Books | MC Athens Campus Library | MC Athens Campus Library | 9780000055729 | 6945 | 05/06/2025 | 819.3 CUN | 1 | 05/06/2025 | 05/06/2025 |